| 000 | 00750nam a2200217 a 4500 | ||
|---|---|---|---|
| 001 | 000009796 | ||
| 005 | 20200929161716.0 | ||
| 008 | 091001s1983 pr a 000 p spa d | ||
| 040 |
_aDO-SdBNP _bspa _cBNPHU |
||
| 082 |
_aPR861.44 _bB957p, 1982 |
||
| 100 | 1 |
_aBurgos, Julia de, _d1914-1953 _914090 |
|
| 245 | 1 | 0 |
_aPoema en veinte surcos / _cJulia de Burgos. |
| 250 | _a2a ed. | ||
| 260 |
_aRío Piedras, Puerto Rico : _bHuracán, _c1983. |
||
| 300 |
_a71 p. : _bil. ; _c20 cm. |
||
| 500 | _aEdición especial con grabados del portafolio Río Grande de Loíza de José R. Alicea.-- En portada | ||
| 650 | 4 |
_aPoesía puertorriqueña _91015 |
|
| 650 | 4 |
_aLiteratura puertorriqueña _9250 |
|
| 910 | _aValidado. Control de calidad BNPHU | ||
| 049 | _aBNPD | ||
| 999 |
_c9555 _d9555 |
||